General Knowledge Test #2 - Statistics

General Stats
  • This quiz has been taken 17 times
  • The average score is 10 of 20
Answer Stats
Hint Answer % Correct
What country has won the most World Cups Brazil
100%
What is the most common lastname in the US Smith
92%
Which planet has the most moons Saturn
85%
In what country is the Chernobyl nuclear plant located Ukraine
85%
What is the 4th letter of the Greek alphabet Delta
77%
What city is known as "The Eternal City" Rome
69%
How many minutes in a full week 10080
62%
How many bones do we have in an ear 3
62%
What sports car company manufactures the 911 Porsche
62%
In what country was Elon Musk born South Africa
62%
In what country would you find Mount Kilimanjaro Tanzania
62%
What year was the United Nations established 1945
38%
How many dots appear on a pair of dice 42
38%
What country has the most islands Sweden
38%
How many elements are in the periodic table 118
31%
Kratos is the main character of what video game series God of war
23%
What country drinks the most coffee per capita Finland
15%
What Netflix show had the most streaming views in 2021 Squid Game
15%
What Renaissance artist is buried in Rome's Pantheon Raphael
8%
What is a group of pandas known as An embarrassment
0%
No matching quizzes found
Score Distribution
Percent of People with Each Score
Percentile by Number Answered
Your Score History
You have not taken this quiz